[Event "17th BCC Open 2017"]
[Site "Cha-Am THA"]
[Date "2017.04.12"]
[Round "5.11"]
[White "Lin Chen"]
[Black "Miciano,John Marvin"]
[Result "0-1"]
[WhiteElo "2475"]
[BlackElo "2267"]

1.d4 Nf6 2.Bf4 g6 3.Nc3 d5 4.e3 Bg7 5.h4 c6 6.Bd3 Nbd7 7.Nf3 a6 8.Ne5 Nh5
9.Bh2 Nxe5 10.Bxe5 Bxe5 11.dxe5 d4 12.exd4 Qxd4 13.Qe2 Bg4 14.Qe4 O-O-O 15.g3
c5 16.O-O Bf5 17.Qxd4 Rxd4 18.Bxf5+ gxf5 19.Rad1 Rhd8 20.Rfe1 b5 21.Kg2 Ng7
22.Rxd4 Rxd4 23.Rd1 Ne6 24.Rxd4 Nxd4 25.Nd5 Kd8 26.c3 Ne2 27.f4 Nc1 28.a4 bxa4
29.Nb6 Kc7 30.Nxa4 c4 31.Nc5 a5 32.e6 f6 33.h5 h6 34.Kf3 Kc6 35.Nd7 Nd3 36.g4
fxg4+ 37.Kxg4 Nxb2 38.Kf5 Nd3 {#R} 0-1

[Event "17th BCC Open 2017"]
[Site "Cha-Am THA"]
[Date "2017.04.12"]
[Round "5.12"]
[White "Qiu,Mengjie"]
[Black "Swayams,M"]
[Result "0-1"]
[WhiteElo "2239"]
[BlackElo "2450"]

1.e4 e6 2.d4 d5 3.Nd2 Be7 4.Bd3 c5 5.dxc5 Nf6 6.Qe2 O-O 7.Ngf3 a5 8.O-O Na6
9.e5 Nd7 10.c3 Naxc5 11.Bc2 b5 12.Nd4 Qc7 13.Re1 b4 14.Qe3 Ba6 15.Qh3 g6
16.N2f3 bxc3 17.bxc3 Ne4 18.Nxe6 fxe6 19.Qxe6+ Rf7 20.Bb3 Nxc3 21.Qh3 Nc5
22.e6 Rff8 23.Ng5 Bxg5 24.Bxg5 Nxb3 25.axb3 Rae8 26.Rac1 d4 27.Qh4 Qd6 28.e7
Rf5 29.Kh1 Bb7 30.f3 Qd5 31.Qg3 Rxg5 {#R} 0-1

[Event "17th BCC Open 2017"]
[Site "Cha-Am THA"]
[Date "2017.04.12"]
[Round "5.13"]
[White "Fang,Yan"]
[Black "Kulpruethanon,Thanadon"]
[Result "1-0"]
[WhiteElo "2447"]
[BlackElo "2238"]

1.e4 c5 2.Nf3 g6 3.c3 Bg7 4.d4 cxd4 5.cxd4 d5 6.e5 Bg4 7.Nc3 Nc6 8.Be3 Nh6
9.Qb3 O-O 10.Qxb7 Rc8 11.Ba6 Rc7 12.Qb3 Bxf3 13.gxf3 Nf5 14.O-O-O Na5 15.Qa3
Nc4 16.Bxc4 Rxc4 17.Kb1 Qd7 18.Ne2 Rb8 19.Rc1 Rcb4 20.Rc2 Bf8 21.Qd3 Qb7 22.b3
a5 23.Bd2 Rb5 24.Rc5 Rxc5 25.dxc5 e6 26.Rc1 Rc8 27.Nd4 Rxc5 28.Rxc5 Bxc5
29.Nxf5 exf5 30.Bg5 Bxf2 31.a4 d4 32.Bd2 Bg1 33.Ka2 Bxh2 34.Qxd4 Qxf3 35.Bh6
Qg2+ 36.Ka3 Qa8 37.e6 f6 38.Qd7 {#r} 1-0

[Event "17th BCC Open 2017"]
[Site "Cha-Am THA"]
[Date "2017.04.12"]
[Round "5.16"]
[White "Thompson,I"]
[Black "Garcia,Jan"]
[Result "0-1"]
[WhiteElo "2160"]
[BlackElo "2429"]

1.c4 c5 2.Nc3 g6 3.g3 Bg7 4.Bg2 Nc6 5.Nf3 e6 6.O-O Nge7 7.e3 Nf5 8.d3 O-O
9.Ne1 Rb8 10.Nc2 b6 11.Rb1 Bb7 12.a3 Nce7 13.e4 Nd4 14.Ne3 d6 15.f4 f5 16.b4
Qd7 17.Bb2 a6 18.Kh1 b5 19.Ne2 Rfd8 20.Qd2 Nec6 21.Rfd1 Nxe2 22.Qxe2 Nd4
23.Qf2 bxc4 24.Nxc4 Bc6 25.bxc5 dxc5 26.e5 Bxg2+ 27.Qxg2 Bf8 28.Bc3 Rxb1
29.Rxb1 Nb5 30.Ba5 Qxd3 31.Rc1 Rd4 32.Qc2 Qf3+ 33.Kg1 Rd3 34.Be1 Nd4 35.Qf2
Ne2+ {#R} 0-1

[Event "17th BCC Open 2017"]
[Site "Cha-Am THA"]
[Date "2017.04.12"]
[Round "5.17"]
[White "Venkatesh,M"]
[Black "Manush,S"]
[Result "1-0"]
[WhiteElo "2396"]
[BlackElo "2053"]

1.e4 c6 2.Nc3 d5 3.Nf3 Bg4 4.h3 Bxf3 5.Qxf3 Nf6 6.g3 d4 7.Ne2 e5 8.g4 Na6
9.Ng3 Nb4 10.Kd1 b5 11.g5 Nd7 12.h4 g6 13.Bh3 Be7 14.d3 Nb6 15.Qg4 c5 16.a3
Nc6 17.f4 c4 18.Rf1 Na4 19.f5 Nc5 20.Qf3 Rf8 21.h5 cxd3 22.cxd3 Nb3 23.Rb1 Qa5
24.Qg4 Rd8 25.fxg6 hxg6 26.hxg6 Rd6 27.Nf5 Qc7 28.Ng7+ Kd8 29.gxf7 Nc5 30.Ne8
Qb7 31.Nxd6 Bxd6 32.g6 Nxd3 33.g7 {#r} 1-0

[Event "17th BCC Open 2017"]
[Site "Cha-Am THA"]
[Date "2017.04.12"]
[Round "5.21"]
[White "Sajjapornthep,Jarunpol"]
[Black "Schebler,G"]
[Result "0-1"]
[WhiteElo "1929"]
[BlackElo "2387"]

1.d4 Nf6 2.c4 e6 3.Nc3 Bb4 4.Bg5 c5 5.Bxf6 Qxf6 6.e3 cxd4 7.exd4 Nc6 8.Nf3 e5
9.dxe5 Nxe5 10.Nxe5 Qxe5+ 11.Qe2 Bxc3+ 12.bxc3 d6 13.f4 Qe7 14.O-O-O Be6
15.Re1 O-O 16.Qe4 Qf6 17.Kb2 Rac8 18.Bd3 g6 19.g4 Bxg4 20.Rhg1 Bd7 21.Qe7 Qxe7
22.Rxe7 Rcd8 23.f5 Rfe8 24.Rxe8+ Rxe8 25.fxg6 hxg6 26.Bxg6 fxg6 27.Rxg6+ Kf7
28.Rxd6 Be6 29.Rd4 Rc8 30.Kb3 Rc6 31.a4 Rc5 32.Rh4 Ke7 33.Kb4 b6 34.Rd4 Ra5
35.h4 Bd7 36.h5 Rxh5 37.Rd5 a5+ 38.Kb3 Rxd5 39.cxd5 Kd6 40.Kc4 Bxa4 41.Kd4 Bb3
42.c4 Ba2 43.Kc3 Kc5 {#R} 0-1

[Event "17th BCC Open 2017"]
[Site "Cha-Am THA"]
[Date "2017.04.12"]
[Round "5.22"]
[White "Ning,Kaiyu"]
[Black "Wan Yunguo"]
[Result "0-1"]
[WhiteElo "2131"]
[BlackElo "2492"]

1.d4 Nf6 2.c4 e6 3.Nf3 d5 4.e3 c6 5.b3 Nbd7 6.Nbd2 Be7 7.Bd3 b6 8.Bb2 Bb7
9.O-O O-O 10.Qe2 Qc7 11.Rac1 Rad8 12.e4 dxe4 13.Nxe4 Nxe4 14.Bxe4 Nf6 15.Bb1
Qf4 16.Ne5 c5 17.Rc3 Qxd4 18.Rh3 Qd2 19.Qxd2 Rxd2 20.Bc3 Rdd8 21.Ng4 Ne4 22.f3
Ng5 23.Rg3 f5 24.Ne5 f4 25.Rg4 h5 26.Ng6 hxg4 27.Nxe7+ Kf7 28.Ng6 gxf3 29.Ne5+
Kg8 30.gxf3 Rd6 31.Bg6 Rf6 32.Bc2 Rh6 33.Kg2 Nf7 34.Ng4 Rh4 35.Nf2 Ng5 36.Ne4
Nxe4 37.fxe4 g5 38.Be1 Rh6 39.h4 e5 {#R} 0-1

[Event "17th BCC Open 2017"]
[Site "Cha-Am THA"]
[Date "2017.04.12"]
[Round "5.24"]
[White "Chitlange,Sakshi"]
[Black "Duong The Anh"]
[Result "0-1"]
[WhiteElo "2090"]
[BlackElo "2335"]

1.d4 f5 2.Nc3 Nf6 3.Bg5 d5 4.Bxf6 exf6 5.a3 c6 6.e3 Bd6 7.Qf3 Be6 8.Bd3 Qd7
9.h4 h5 10.Nge2 g6 11.Nf4 Bf7 12.g3 Qe7 13.Kf1 Nd7 14.Re1 O-O-O 15.Nfe2 Nb6
16.b3 Bxa3 17.Ra1 Kb8 18.Nb1 Bd6 19.Nec3 Be6 20.Na4 g5 21.Nxb6 axb6 22.Nc3 f4
23.exf4 gxf4 24.gxf4 Bg4 25.Qe3 Qc7 26.Ne2 Rde8 27.Qc1 Rhg8 28.Qb2 Qe7 29.Ng3
Bxf4 30.Qa3 Bd6 31.Qa7+ Kc7 32.Kg2 Bxg3 33.Rhe1 Bh3+ 34.Kxh3 Qd7+ 35.Kg2 Bf4+
{#R} 0-1

[Event "17th BCC Open 2017"]
[Site "Cha-Am THA"]
[Date "2017.04.12"]
[Round "5.28"]
[White "Drummond,M"]
[Black "Chan,Kim Yew"]
[Result "0-1"]
[WhiteElo "2248"]
[BlackElo "2080"]

1.c4 c5 2.g3 g6 3.Bg2 Bg7 4.Nc3 Nc6 5.a3 e6 6.b4 Nxb4 7.axb4 cxb4 8.d4 bxc3
9.Ba3 Ne7 10.e3 O-O 11.Ne2 d6 12.Nxc3 e5 13.O-O exd4 14.exd4 Nf5 15.Ne2 Rb8
16.c5 Re8 17.cxd6 Nxd6 18.Bxd6 Qxd6 19.Rxa7 Bg4 20.Re1 Bxd4 {#R} 0-1

[Event "17th BCC Open 2017"]
[Site "Cha-Am THA"]
[Date "2017.04.12"]
[Round "5.29"]
[White "Ilmoni,T"]
[Black "Teerapabpaisit,W"]
[Result "0-1"]
[WhiteElo "2076"]
[BlackElo "2246"]

1.d4 Nf6 2.Nf3 g6 3.g3 Bg7 4.Bg2 O-O 5.O-O d6 6.c4 c6 7.Nc3 Qb6 8.b3 e5 9.Bb2
e4 10.Ne1 d5 11.e3 Re8 12.Qd2 Bf5 13.Na4 Qd8 14.Rc1 Nbd7 15.Nc2 h5 16.cxd5
cxd5 17.Nc5 Rb8 18.Na3 a6 19.Rc2 h4 20.b4 Nf8 21.b5 a5 22.b6 Qxb6 23.Rb1 Qd8
24.Nb5 N8h7 25.Nb3 b6 26.a4 Ng5 27.Ba3 Nf3+ 28.Bxf3 exf3 29.Bd6 Bxc2 30.Qxc2
Rc8 31.Qd1 Ne4 32.Be5 f6 33.Bf4 g5 34.Bc7 Rxc7 35.Nxc7 Qxc7 36.Rc1 Qd7 37.Qxf3
hxg3 38.hxg3 Rc8 39.Qd1 Bf8 40.Kg2 Bd6 41.Nd2 Rxc1 42.Qxc1 Nxd2 43.Qxd2 Qxa4
{#R} 0-1

[Event "17th BCC Open 2017"]
[Site "Cha-Am THA"]
[Date "2017.04.12"]
[Round "5.32"]
[White "Doroy,Allaney Jia G"]
[Black "Habla,J"]
[Result "0-1"]
[WhiteElo "1962"]
[BlackElo "2226"]

1.c4 f5 2.g3 Nf6 3.Bg2 e6 4.Nf3 d5 5.O-O Bd6 6.d3 O-O 7.Nc3 c6 8.e4 Bc7 9.Bg5
d4 10.e5 h6 11.Ne2 hxg5 12.exf6 Qxf6 13.Nfxd4 Rd8 14.Nb3 Qxb2 15.Rb1 Qf6
16.Nc5 Bb6 17.Na4 Ba5 18.Nc1 Na6 19.Nb3 Bc7 20.Nbc5 Nxc5 21.Nxc5 Rb8 22.Rb3
Qd4 23.Na4 Be5 24.Qb1 f4 25.Kh1 b5 26.Bxc6 Rd6 27.Be4 Rd8 28.Rxb5 Bd7 29.Rxb8
Rxb8 30.Qd1 Rb4 31.Qh5 Rxa4 32.Qxg5 Bf6 33.Qxf4 Rxa2 34.g4 a5 35.Qb8+ Kf7
36.Qg3 a4 37.g5 Be5 38.f4 Ra1 39.Rxa1 Qxa1+ 40.Kg2 Bd4 41.Qh4 Qg1+ 42.Kh3 Qf1+
43.Kg4 e5+ 44.f5 Bxf5+ {#R} 0-1

[Event "17th BCC Open 2017"]
[Site "Cha-Am THA"]
[Date "2017.04.12"]
[Round "5.34"]
[White "Akmalnaidi,Akbar"]
[Black "Meenal,Gupta"]
[Result "1-0"]
[WhiteElo "2196"]
[BlackElo "1753"]

1.d4 Nf6 2.c4 e6 3.Nc3 Bb4 4.f3 c5 5.a3 Bxc3+ 6.bxc3 Qc7 7.e4 d6 8.Bd3 Nbd7
9.Ne2 O-O 10.Be3 a6 11.g4 cxd4 12.cxd4 e5 13.Rc1 Re8 14.d5 Nc5 15.Ng3 Qa5+
16.Kf2 Qxa3 17.Bc2 Qa5 18.h4 Qc7 19.Qd2 b5 20.Bg5 Nfd7 21.Nf5 f6 22.Bh6 g6
23.Rcg1 Nf8 24.h5 Ra7 25.hxg6 Nxg6 26.g5 Nd7 27.gxf6 Nf8 28.Bxf8 Qc5+ 29.Ke1
Rxf8 30.Ne7+ Rxe7 31.fxe7 Re8 32.Qh6 Qb4+ 33.Kd1 Rxe7 34.Rxg6+ {#r} 1-0

[Event "LXIII Mexican Open 2017"]
[Site "Leon MEX"]
[Date "2017.04.12"]
[Round "2.4"]
[White "Obregon Rivero,J"]
[Black "Bustamante Orta,Jorge"]
[Result "1-0"]
[WhiteElo "2529"]
[BlackElo "2160"]
[EventType "swiss"]

1.e4 e6 2.d4 d5 3.Nd2 Nf6 4.e5 Nfd7 5.Bd3 c5 6.c3 Nc6 7.Ne2 cxd4 8.cxd4 f6
9.exf6 Nxf6 10.Nf3 Bd6 11.O-O O-O 12.Bg5 Bd7 13.Bh4 Qe8 14.Bg3 Bxg3 15.Nxg3
Qb8 16.Re1 Qf4 17.Bb5 Ne4 18.Qc1 a6 19.Bxc6 Bxc6 20.Qe3 h6 21.Rac1 Rac8
22.Nxe4 dxe4 23.Qxf4 Rxf4 24.Ne5 Rd8 25.g3 Rf3 26.Nxc6 bxc6 27.Rxe4 Rd6 28.Kf1
Rf5 29.Ke2 Rb5 30.b3 a5 31.Rc4 g5 32.Re5 Kf7 33.Ke3 Rdd5 34.Rxd5 cxd5 35.Rc5
Rxc5 36.dxc5 e5 37.f4 {#r} 1-0

[Event "LXIII Mexican Open 2017"]
[Site "Leon MEX"]
[Date "2017.04.12"]
[Round "2.6"]
[White "Hernandez Guerrero,G"]
[Black "Fonseca Manrique,Enrique"]
[Result "1-0"]
[WhiteElo "2499"]
[BlackElo "2160"]
[EventType "swiss"]

1.e4 c5 2.Nc3 e6 3.Nf3 a6 4.d4 cxd4 5.Nxd4 Qc7 6.g3 Nc6 7.Bg2 Bc5 8.Nb3 Ba7
9.Bf4 Ne5 10.Bxe5 Qxe5 11.f4 Qc7 12.Qg4 g6 13.O-O-O Ne7 14.Qg5 f5 15.Rhe1 Kf7
16.Kb1 h6 17.Qh4 Rb8 18.g4 Qxf4 19.Rf1 Qg5 20.Qg3 Ke8 21.exf5 gxf5 22.Qc7 Qxg4
23.Bf3 Qh4 24.Na5 Rf8 25.Nc4 Kf7 26.Ne5+ Kg7 27.Rg1+ Kf6 28.Nd5+ Nxd5 29.Rg6+
Ke7 30.Bxd5 exd5 31.Nf3 Qf2 32.Qd6+ Ke8 33.Re1+ Be3 34.Qe5+ Kd8 {#r} 1-0

[Event "LXIII Mexican Open 2017"]
[Site "Leon MEX"]
[Date "2017.04.12"]
[Round "2.8"]
[White "Ruiz Sanchez,O"]
[Black "Perez Avendano,P"]
[Result "0-1"]
[WhiteElo "2455"]
[BlackElo "2156"]
[EventType "swiss"]

1.e4 e5 2.Nf3 Nc6 3.Bb5 a6 4.Ba4 Nf6 5.d3 b5 6.Bb3 Be7 7.a4 b4 8.O-O O-O 9.a5
d6 10.Nbd2 Bg4 11.h3 Be6 12.Nc4 Nd7 13.Be3 Bf6 14.Nfd2 Ne7 15.Qe1 Rb8 16.Ra4
d5 17.exd5 Nxd5 18.Nf3 Qe7 19.Bd2 Nc5 20.Ra1 Nxb3 21.cxb3 Rfe8 22.Qe4 Rb5
23.Rfe1 Qd8 24.g4 h6 25.Nfxe5 Bxe5 26.Qxe5 h5 27.Qg3 hxg4 28.hxg4 Nf6 29.Ne5
Qd4 30.Nc6 Qxb2 31.Bxb4 Nd5 32.Ba3 Qf6 33.d4 Qg6 34.Re5 Qc2 35.Rh5 Nc3 36.Qxc7
Rxh5 37.gxh5 Ne2+ 38.Kh2 Qe4 39.Ne7+ Rxe7 40.Bxe7 Qg4 {#R} 0-1

[Event "18th ch-EUR Indiv w 2017"]
[Site "Riga LAT"]
[Date "2017.04.12"]
[Round "2.2"]
[White "Muzychuk,M"]
[Black "Yildiz,B"]
[Result "1-0"]
[WhiteElo "2546"]
[BlackElo "2367"]

1.d4 d5 2.c4 c6 3.Nc3 Nf6 4.cxd5 cxd5 5.Bf4 Nc6 6.e3 a6 7.Bd3 Bg4 8.Qb3 Na5
9.Qa4+ Bd7 10.Qc2 e6 11.Nf3 Rc8 12.O-O Be7 13.Ne5 b5 14.Qe2 Qb6 15.Rac1 O-O
16.Bg5 Bc6 17.f4 Nc4 18.f5 Rc7 19.Bxf6 Bxf6 20.Ng4 Bg5 21.fxe6 f6 22.b3 Nd6
23.Qf2 b4 24.Ne2 Bb5 25.Rxc7 Qxc7 26.Bxb5 Nxb5 27.h4 Bh6 28.Nxh6+ gxh6 29.Qg3+
Qxg3 30.Nxg3 Nc3 31.Nh5 Ne4 32.Rf5 Re8 33.Rxf6 Nc3 34.Rxh6 Re7 35.Nf4 Kg7
36.Rh5 Nxa2 37.Rg5+ Kf8 38.Rxd5 Nc1 39.Rf5+ Ke8 40.d5 {#r} 1-0

[Event "18th ch-EUR Indiv w 2017"]
[Site "Riga LAT"]
[Date "2017.04.12"]
[Round "2.15"]
[White "Zhukova,N"]
[Black "Malakhova,Elizaveta"]
[Result "1-0"]
[WhiteElo "2438"]
[BlackElo "2324"]

1.d4 e6 2.c4 f5 3.Nf3 Nf6 4.g3 Be7 5.Bg2 O-O 6.O-O d6 7.Nc3 Qe8 8.Qc2 Qh5 9.b4
Nc6 10.b5 Nd8 11.a4 Nf7 12.Ba3 g5 13.e4 g4 14.Nd2 e5 15.f4 gxf3 16.Nxf3 Ng4
17.Nd5 Bg5 18.h3 Be3+ 19.Kh1 f4 20.Nh2 Qh6 21.gxf4 Nxh2 22.Kxh2 Bxf4+ 23.Nxf4
exf4 24.Bc1 Ng5 25.Ra3 Qh4 26.Qf2 Qxf2 27.Rxf2 Ne6 28.d5 Nc5 29.Bxf4 Rf6
30.Rg3+ Rg6 31.e5 Rxg3 32.Bxg3 dxe5 33.Bxe5 Nxa4 34.Bxc7 Bd7 35.d6 Nc5 36.Bd5+
Kg7 37.Ba5 Re8 38.Bc3+ Kh6 39.Bd2+ Kg7 40.Bc3+ Kh6 41.Rg2 Ne4 42.Bg7+ Kh5
43.Bf7+ {#r} 1-0

[Event "18th ch-EUR Indiv w 2017"]
[Site "Riga LAT"]
[Date "2017.04.12"]
[Round "2.16"]
[White "Atalik,E"]
[Black "Cosma,E"]
[Result "1-0"]
[WhiteElo "2429"]
[BlackElo "2316"]

1.d4 d5 2.c4 c6 3.Nc3 Nf6 4.Nf3 e6 5.e3 Nbd7 6.Qc2 b6 7.b3 Bb7 8.Bb2 Be7 9.Be2
O-O 10.O-O Qc7 11.Rac1 Rac8 12.Rfd1 Rfd8 13.Qb1 Qb8 14.h3 h6 15.cxd5 cxd5
16.Bd3 a6 17.Ne2 Bd6 18.Rxc8 Rxc8 19.Rc1 Rc7 20.Rxc7 Qxc7 21.Qc2 Qxc2 22.Bxc2
Kf8 23.Ne5 Ke7 24.f3 Ne8 25.Kf2 Nb8 26.g4 Nc6 27.Nxc6+ Bxc6 28.e4 f6 29.e5
fxe5 30.dxe5 Bc5+ 31.Nd4 Nc7 32.b4 Bxd4+ 33.Bxd4 Na8 34.a4 Be8 35.f4 g6 36.Bd3
Bxa4 37.Bxg6 Bb3 38.f5 Bd1 39.f6+ {#r} 1-0

[Event "18th ch-EUR Indiv w 2017"]
[Site "Riga LAT"]
[Date "2017.04.12"]
[Round "2.30"]
[White "Semenova,El1"]
[Black "Danielian,E"]
[Result "0-1"]
[WhiteElo "2212"]
[BlackElo "2437"]

1.e4 c6 2.d4 d5 3.e5 Bf5 4.h4 h5 5.Bd3 Bxd3 6.Qxd3 e6 7.Bg5 Qb6 8.Nd2 Ne7
9.Ne2 Nf5 10.c3 Qa6 11.c4 Bb4 12.b3 Nd7 13.O-O Bxd2 14.Qxd2 dxc4 15.Ng3 Nxg3
16.fxg3 O-O 17.Bf6 Nxf6 18.exf6 Qb6 19.Qg5 Qxd4+ 20.Kh1 Qg4 21.fxg7 Rfd8
22.Qe7 Qxg7 23.bxc4 Rd3 24.Rad1 Rxg3 25.Qxb7 Rf8 26.Qxa7 Rg4 27.Qc5 Rxh4+
28.Kg1 Rg4 29.Rf2 h4 30.Rd3 Rb8 31.Rfd2 Rg5 32.Qf2 Rb1+ 33.Rd1 Rxd1+ 34.Rxd1
Qg6 35.Kh2 Kg7 36.Rd2 Rf5 37.Qe3 Qg5 {#R} 0-1

[Event "ch-DEN 2017"]
[Site "Skorping DEN"]
[Date "2017.04.12"]
[Round "5.4"]
[White "Hansen,Mads3"]
[Black "Sondergaard,Jesper Thybo"]
[Result "0-1"]
[WhiteElo "2444"]
[BlackElo "2437"]

1.e4 e5 2.Nf3 Nc6 3.Bb5 a6 4.Ba4 Nf6 5.O-O Be7 6.d3 d6 7.c4 O-O 8.Nc3 Bg4
9.Be3 Nd4 10.Bxd4 exd4 11.Ne2 c5 12.b4 Bxf3 13.gxf3 Nh5 14.Rb1 Rb8 15.f4 g6
16.f5 Bg5 17.f4 Bh6 18.bxc5 dxc5 19.Qe1 gxf5 20.e5 Kh8 21.Rf3 b5 22.Bc2 Rg8+
23.Kf1 Rb6 24.Qf2 Rg4 25.cxb5 axb5 26.Bb3 Qe7 27.Bc4 Qb7 28.Bb3 Nxf4 29.h3 Rg2
30.Nxf4 Rxf2+ 31.Kxf2 c4 32.Bc2 Ra6 33.a4 Qe7 34.Ng2 Qg5 35.Rf4 Rg6 {#R} 0-1

[Event "ch-FAI 2017"]
[Site "Runavik FAI"]
[Date "2017.04.12"]
[Round "3.1"]
[White "Nielsen,Ho"]
[Black "Rodgaard,J"]
[Result "1-0"]
[WhiteElo "2307"]
[BlackElo "2335"]

1.e4 e6 2.d4 d5 3.Nc3 Bb4 4.exd5 exd5 5.Bd3 Nc6 6.a3 Bxc3+ 7.bxc3 Nge7 8.Qf3
Be6 9.Ne2 Qd7 10.O-O Bf5 11.Ng3 Bxd3 12.cxd3 O-O 13.h4 f6 14.Ra2 Rae8 15.a4
Nd8 16.a5 Nf7 17.Ba3 Qa4 18.Rfa1 Qc6 19.Bb4 Nd6 20.h5 h6 21.Re2 Nec8 22.Rae1
b6 23.a6 Qb5 24.Nf5 Rxe2 25.Rxe2 Re8 26.Rxe8+ Nxe8 27.Qg4 Qxd3 28.Qg6 Qe4
29.Nxh6+ Kh8 30.Nf5 Qe6 31.Bf8 Qd7 32.h6 gxh6 33.Nxh6 Ng7 34.Nf7+ {#r} 1-0

[Event "ch-FAI 2017"]
[Site "Runavik FAI"]
[Date "2017.04.12"]
[Round "3.2"]
[White "Ziska,H"]
[Black "Poulsen,Ma"]
[Result "1-0"]
[WhiteElo "2553"]
[BlackElo "2222"]

1.e4 g6 2.d4 Bg7 3.Nf3 d6 4.Bc4 c6 5.Bb3 Qa5+ 6.Nbd2 Bg4 7.O-O Nd7 8.e5 Bxf3
9.Qxf3 d5 10.Ne4 h6 11.Bd2 Qb6 12.c3 Nf8 13.Nc5 e6 14.a4 a5 15.Rfe1 Nd7
16.Nxd7 Qxb3 17.Nc5 Qb6 18.b4 axb4 19.Reb1 Qc7 20.Rxb4 b5 21.Rab1 Bf8 22.axb5
Bxc5 23.dxc5 cxb5 24.Rxb5 Ne7 25.Qf6 Rh7 26.g4 Nc6 27.Rb7 Qxe5 28.Re7+ Kf8
29.Bxh6+ Kg8 30.Qxe5 Nxe5 31.Bf4 f6 32.Rxe6 Nxg4 33.c6 Kf7 34.Rd6 g5 35.Rd7+
Kg6 36.Rxh7 Kxh7 37.Rb8 Ra3 38.Bd6 Rxc3 39.c7 d4 40.c8=Q Rxc8 41.Rxc8 d3 {#r}
1-0

[Event "11th Philadelphia Open"]
[Site "Philadelphia USA"]
[Date "2017.04.12"]
[Round "1.3"]
[White "Arvind,C"]
[Black "Sadorra,J"]
[Result "0-1"]
[WhiteElo "2198"]
[BlackElo "2580"]
[EventType "swiss"]

1.d4 Nf6 2.c4 e6 3.Nc3 Bb4 4.e3 O-O 5.Ne2 d5 6.a3 Bd6 7.Ng3 b6 8.cxd5 exd5
9.b4 c5 10.bxc5 bxc5 11.Be2 Nc6 12.O-O c4 13.Bf3 Be6 14.e4 Bxg3 15.hxg3 dxe4
16.Nxe4 Nxe4 17.Bxe4 Bd5 18.Bc2 h6 19.Be3 Qf6 20.Qh5 Rad8 21.Rfd1 Rfe8 22.g4
g5 23.Rac1 Rb8 24.Rb1 c3 25.Rxb8 Rxb8 26.Rd3 Be4 27.Rxc3 Nxd4 28.Bxd4 Qxd4
{#R} 0-1

[Event "11th Philadelphia Open"]
[Site "Philadelphia USA"]
[Date "2017.04.12"]
[Round "1.25"]
[White "Xu,Runya"]
[Black "Ippolito,D"]
[Result "0-1"]
[WhiteElo "2065"]
[BlackElo "2365"]
[EventType "swiss"]

1.c4 c6 2.d4 d5 3.Nc3 Nf6 4.Bg5 dxc4 5.e4 b5 6.d5 Qa5 7.Bxf6 exf6 8.dxc6 Bb4
9.Ne2 O-O 10.a4 Rd8 11.Qc1 Nxc6 12.axb5 Qxb5 13.Qc2 Qb6 14.Nf4 Nd4 15.Qa4 Bd7
16.Qd1 Bg4 17.Qa4 Nb3 18.Bxc4 Nxa1 19.O-O Qa5 20.Qxa5 Bxa5 21.h3 Bxc3 22.bxc3
Rd1 23.hxg4 Rxf1+ 24.Bxf1 a5 25.Nd5 a4 26.Bc4 Rb8 27.Kf1 Nb3 28.Ke2 a3 29.Bxb3
{#R} 0-1

[Event "TV2 GM Open 2017"]
[Site "Fagernes NOR"]
[Date "2017.04.12"]
[Round "5.3"]
[White "Chatalbashev,B"]
[Black "Arvola,B"]
[Result "1-0"]
[WhiteElo "2546"]
[BlackElo "2385"]

1.c4 Nf6 2.Nc3 d5 3.cxd5 Nxd5 4.g3 e5 5.Bg2 Nb6 6.Nf3 Nc6 7.O-O Be7 8.a3 Be6
9.d3 O-O 10.b4 a5 11.b5 Nd4 12.Bb2 Nb3 13.Rb1 f6 14.Nh4 f5 15.Nf3 Bf6 16.a4
Qd6 17.e4 Nd4 18.exf5 Bxf5 19.Nxd4 exd4 20.Ne4 Qb4 21.Qc1 Bxe4 22.Bxe4 Nxa4
23.Ba3 Qc3 24.Bxf8 Rxf8 25.Qd1 Nc5 26.Rc1 Nxe4 27.Rxc3 Nxc3 28.Qb3+ Rf7 29.Re1
g6 30.Re8+ Kg7 31.Ra8 a4 32.Qc4 g5 33.Kg2 Be5 34.Qe6 Bf6 35.Qc8 Re7 36.Qxb7
Be5 37.b6 {#r} 1-0

[Event "TV2 GM Open 2017"]
[Site "Fagernes NOR"]
[Date "2017.04.12"]
[Round "5.5"]
[White "Hauge,Lars Oskar"]
[Black "Urkedal,F"]
[Result "1-0"]
[WhiteElo "2450"]
[BlackElo "2552"]

1.e4 e6 2.d4 d5 3.Nc3 Nf6 4.e5 Nfd7 5.f4 c5 6.Nf3 Nc6 7.Ne2 Be7 8.c3 b6 9.Ng3
a5 10.f5 cxd4 11.cxd4 exf5 12.Nxf5 O-O 13.Bb5 Ndb8 14.Nxe7+ Nxe7 15.O-O Ba6
16.Bd3 h6 17.Nh4 Qd7 18.Bxh6 gxh6 19.Rf6 Bxd3 20.Qxd3 Qg4 21.Rxh6 Qg7 22.Rh5
f6 23.Rf1 fxe5 24.Nf5 Rxf5 25.Rfxf5 e4 26.Qe3 Nxf5 27.Rxf5 Nc6 28.Rg5 Ne7
29.Rxg7+ Kxg7 30.h4 Kf6 31.h5 Ke6 32.Qf4 Kd7 33.h6 Rh8 34.g4 Rg8 35.h7 Rh8
36.Qf7 e3 37.Qg7 Rc8 38.h8=Q Rc1+ 39.Kg2 e2 40.Qxe7+ {#r} 1-0

[Event "TV2 GM Open 2017"]
[Site "Fagernes NOR"]
[Date "2017.04.12"]
[Round "5.13"]
[White "Efroimski,M"]
[Black "Ingebretsen,Jens E"]
[Result "1-0"]
[WhiteElo "2300"]
[BlackElo "2032"]

1.e4 c5 2.Nf3 e6 3.d4 cxd4 4.Nxd4 Nc6 5.Nc3 Qc7 6.Be3 a6 7.Qf3 Nf6 8.O-O-O d6
9.Nxc6 Qxc6 10.Be2 Bd7 11.g4 b5 12.g5 b4 13.gxf6 bxc3 14.b3 g6 15.Bd4 Bh6+
16.Kb1 Bd2 17.Be3 Bxe3 18.Qxe3 Qc7 19.Rd3 Rc8 20.Rhd1 Bb5 21.Rxd6 Qa5 22.Bxb5+
Qxb5 23.Qxc3 O-O 24.Qxc8 Rxc8 25.Rd8+ Qe8 26.Rxe8+ Rxe8 27.e5 h6 28.h4 Kh7
29.Rd7 Rf8 30.c4 g5 31.h5 a5 32.Kc2 Kg8 33.Kd3 Ra8 34.c5 Kf8 35.c6 Rc8 36.c7
{#r} 1-0

[Event "TV2 GM Open 2017"]
[Site "Fagernes NOR"]
[Date "2017.04.12"]
[Round "5.14"]
[White "Couso,L"]
[Black "Kristiansen,W"]
[Result "1-0"]
[WhiteElo "2287"]
[BlackElo "2055"]

1.c4 e6 2.g3 d5 3.Bg2 Nf6 4.Nf3 Be7 5.O-O O-O 6.b3 c5 7.Bb2 Nc6 8.e3 b6 9.Nc3
Ba6 10.d3 Rc8 11.Qe2 Qd7 12.Rfd1 Rfd8 13.Rac1 d4 14.exd4 Nxd4 15.Nxd4 cxd4
16.Nb1 Bb7 17.Nd2 Bxg2 18.Kxg2 a5 19.Nf3 Bc5 20.a3 b5 21.Kg1 bxc4 22.Rxc4 Ba7
23.Rdc1 Rxc4 24.Rxc4 Qb5 25.Bxd4 Bxd4 26.Nxd4 Qb6 27.Nc6 Ra8 28.Qf3 Re8 29.b4
axb4 30.axb4 Nd5 31.Qh5 Ra8 32.Qe5 Rc8 33.Qd6 Kh8 34.Ne5 Ra8 35.Qd7 h6 36.Qxf7
{#r} 1-0

[Event "TV2 GM Open 2017"]
[Site "Fagernes NOR"]
[Date "2017.04.12"]
[Round "5.15"]
[White "Bentsen,H"]
[Black "Al Tarbosh,W"]
[Result "0-1"]
[WhiteElo "2074"]
[BlackElo "2219"]

1.e4 e6 2.d4 d5 3.Nd2 c5 4.exd5 Qxd5 5.Ngf3 cxd4 6.Bc4 Qd6 7.O-O Nf6 8.Nb3 Nc6
9.Qe2 Be7 10.Rd1 e5 11.h3 O-O 12.c3 a6 13.a4 Be6 14.cxd4 Bxc4 15.Qxc4 e4
16.Nh2 Rac8 17.Qc5 Qe6 18.Qb6 Nd5 19.Qxb7 Rb8 20.Qxa6 Rxb3 21.Ng4 Rfb8 22.Qe2
h5 23.Ne3 Nf4 24.Qf1 Qg6 25.Kh1 Nd3 26.Nd5 Bd8 27.Nf4 Qf5 28.Nxd3 exd3 29.Be3
Nb4 30.Ra3 Nc2 31.Ra2 Ba5 32.Kg1 Qe4 {#R} 0-1

[Event "TV2 IM 2017"]
[Site "Fagernes NOR"]
[Date "2017.04.12"]
[Round "5.1"]
[White "Getz,N"]
[Black "Nyland,T"]
[Result "0-1"]
[WhiteElo "2403"]
[BlackElo "2104"]

1.Nf3 d5 2.g3 e6 3.Bg2 Nf6 4.O-O Be7 5.b3 O-O 6.c4 Nbd7 7.Qc2 b6 8.cxd5 exd5
9.Nd4 Ne5 10.Bb2 Bc5 11.Nb5 Ba6 12.a4 Ned7 13.d4 Bb4 14.Ba3 Bxa3 15.Rxa3 Re8
16.e3 c5 17.Rd1 Rc8 18.Nd6 cxd4 19.Nxc8 d3 20.Qc3 Qxc8 21.b4 Bc4 22.Nd2 Ne5
23.h3 Qe6 24.f4 Neg4 25.e4 Ne3 26.Rc1 Nxg2 27.Nxc4 dxc4 28.Ra2 Ne3 {#R} 0-1

[Event "TV2 IM 2017"]
[Site "Fagernes NOR"]
[Date "2017.04.12"]
[Round "5.3"]
[White "Mihajlov,Seb"]
[Black "Merkesvik,Sondre"]
[Result "1-0"]
[WhiteElo "2367"]
[BlackElo "2239"]

1.d4 Nf6 2.c4 g6 3.Nc3 d5 4.Nf3 Bg7 5.Qb3 c6 6.cxd5 Nxd5 7.e4 Nxc3 8.bxc3 O-O
9.Be2 Qc7 10.O-O Nd7 11.Rb1 e5 12.a4 Re8 13.Ng5 Nf8 14.Bc4 Ne6 15.Nxe6 Bxe6
16.d5 cxd5 17.exd5 Rac8 18.Bb5 Bd7 19.d6 Qd8 20.Bg5 Qxg5 21.Bxd7 b6 22.Bxe8
Rxe8 23.Qd5 Qf5 24.d7 Rd8 25.Rfd1 Bf8 26.f3 h5 27.a5 Bc5+ 28.Kh1 h4 29.axb6
axb6 30.h3 Kg7 31.Ra1 f6 32.Ra8 Be7 33.Rxd8 Bxd8 34.Qa8 Qc2 35.Rg1 Be7 36.Qe8
{#r} 1-0